Żużel: Indywidualni mistrzowie Europy - Statystyki

Ogólne statystyki
  • Ten quiz został rozwiązany 194 razy
  • Średni wynik to 12 z 25
Statystyki odpowiedzi
Hint Odpowiedź % Poprawnych
2025 Patryk Dudek
95%
2018 Leon Madsen
84%
2022 Leon Madsen
84%
2019 Mikkel Michelsen
76%
2021 Mikkel Michelsen
76%
2023 Mikkel Michelsen
76%
2017 Andrzej Lebiediew
71%
2024 Andrzej Lebiediew
71%
2016 Nicki Pedersen
68%
2011 Grigorij Łaguta
67%
2020 Robert Lambert
52%
2013 Martin Vaculik
49%
2014 Emil Sajfutdinow
48%
2015 Emil Sajfutdinow
48%
2003 Krzysztof Kasprzak
43%
2004 Matej Żagar
34%
2008 Matej Żagar
34%
2010 Sebastian Ułamek
27%
2012 Ales Dryml
25%
2005 Jesper Bruun Jensen
18%
2007 Jurica Pavlic
14%
2006 Krzysztof Jabłoński
13%
2001 Bohumil Brhel
8%
2002 Magnus Zetterstrom
7%
2009 Rienat Gafurow
6%
Nie znaleziono quizów pasujących do podanych kryteriów
Rozkład punktacji
Procent ludzi z każdym wynikiem
Percentyl według liczby udzielonych odpowiedzi
Twoja historia wyników
Nie rozwiązałeś tego quizu